000 01368nam a2200265Ia 4500
001 16224
003 GE_BSU
008 181216s||||||||xx |||||||||||||| ||und||
020 _a978-9941-13-197-4
040 _cGE_BSU
080 _a338.22
100 _aჯოზეფ ჰასიდი, ალექსის-სტეფანოს კომსელისი, რევაზ გველესიანი,ელგუჯა მექვაბიშვილი,გაგნიძე ინეზა,ლეკვეიშვილი ეკა,ნაცვალაძე მარინა
245 _aმეწარმეობის თეორიული საფუძვლები. ნაწ.3= Fundamentals of entrepreneurship
245 _bდამხმ. სახელმძღვ. ნაწ.3
245 _cრედ. რევაზ გველესიანი, ჯამლეტ ჯანჯღავა
260 _aთბილისი
260 _bთსუ-პირესუსის უნივერსიტეტი საბერძნეთი
260 _c2011
300 _a148გვ;26სმ.
300 _eბიბლიოგრ.გვ:145-147
541 _h25ლ.40თ.
653 _aეკონომიკა
653 _aმეწარმეობა; ბიზნესი;
942 _cBK
999 _c49308
_d49308